Carthage, Timgad, Tébessa et les villes antiques de l'Afrique du Nord / (Record no. 37866)

MARC details
000 -LEADER
campo de control de longitud fija 00944nam a2200253 i 4500
001 - NÚMERO DE CONTROL
campo de control 37866
003 - IDENTIFICADOR DE NÚMERO DE CONTROL
campo de control ES-MaACL
005 - FECHA Y HORA DE LA ÚLTIMA TRANSACCIÓN
campo de control 20230906155645.0
007 - CAMPO FIJO DE DESCRIPCIÓN FÍSICA--INFORMACIÓN GENERAL
campo de control de longitud fija t|
008 - DATOS DE LONGITUD FIJA--INFORMACIÓN GENERAL
campo de control de longitud fija 030224s1909 fr ||||1| fre d
100 1# - ENTRADA PRINCIPAL--NOMBRE DE PERSONA
Nombre de persona Cagnat, René.
9 (RLIN) 33432
245 10 - MENCIÓN DEL TÍTULO
Título Carthage, Timgad, Tébessa et les villes antiques de l'Afrique du Nord /
Mención de responsabilidad, etc. par René Cagnat ; ouvrage orné de 113 gravures.
260 ## - PUBLICACIÓN, DISTRIBUCIÓN, ETC.
Lugar de publicación, distribución, etc. Paris :
Nombre del editor, distribuidor, etc. H. Laurens,
Fecha de publicación, distribución, etc. 1909 (
Lugar de fabricación/manufactura Evreux :
Fabricante Ch. Hérissey)
300 ## - DESCRIPCIÓN FÍSICA
Extensión 163 p. :
Otras características físicas il. ;
Dimensiones 26 cm.
490 1# - MENCIÓN DE SERIE
Mención de serie Les villes d'art célèbres
530 ## - NOTA DISPONIBLE DE FORMULARIO FÍSICO ADICIONAL
Nota de formato físico adicional disponible Disponible en formato digital.
651 #4 - PUNTO DE ACCESO ADICIONAL DE MATERIA--NOMBRE GEOGRÁFICO
Nombre geográfico Cartago (Ciudad desaparecida)
9 (RLIN) 173230
651 #4 - PUNTO DE ACCESO ADICIONAL DE MATERIA--NOMBRE GEOGRÁFICO
Nombre geográfico Thamugadi (Ciudad desaparecida)
9 (RLIN) 173231
651 #4 - PUNTO DE ACCESO ADICIONAL DE MATERIA--NOMBRE GEOGRÁFICO
Nombre geográfico Argelia-
Subdivisión general Restos arqueológicos.
9 (RLIN) 173232
830 1# - PUNTO DE ACCESO ADICIONAL DE SERIE-TÍTULO UNIFORME
Título uniforme Les villes d'art célèbres
9 (RLIN) 181445
852 ## - LOCALIZACIÓN
Ubicación ES-MaACL
Número de control de estantería F-2099
856 ## - LOCALIZACIÓN Y ACCESO ELECTRÓNICOS
Identificador Uniforme de Recursos <a href="https://archive.org/details/carthagetimgadt00cagnuoft ">https://archive.org/details/carthagetimgadt00cagnuoft </a>
Nota pública Internet Archive
Holdings
Estatus retirado Estado de pérdida Estado de daño No para préstamo Colección Biblioteca de origen Biblioteca actual Ubicación en estantería Fecha de adquisición Fuente de adquisición Total de préstamos Signatura topográfica completa Código de barras Visto por última vez Precio de reemplazo Tipo de ítem Koha
        Colección digital Biblioteca del Ateneo de Madrid Biblioteca del Ateneo de Madrid Depósito 2 17/01/2008     F-2099 1039869 23/02/2023 23/02/2023 Libro impreso